Normal view
MARC view
- Ostwald, Phillip F Munoz, Jairo
Entry Personal Name
001 - CONTROL NUMBER
- control field: 74777
003 - CONTROL NUMBER IDENTIFIER
- control field: NUST
005 - DATE AND TIME OF LATEST TRANSACTION
- control field: 20210628205303.0
008 - FIXED-LENGTH DATA ELEMENTS
- fixed length control field: 210628|| aca||aabn | a|a d
040 ## - CATALOGING SOURCE
- Original cataloging agency: NUST
- Transcribing agency: NUST
100 ## - HEADING--PERSONAL NAME
- Personal name: Ostwald, Phillip F Munoz, Jairo
670 ## - SOURCE DATA FOUND
- Source citation: Work cat.: (NUST): Ostwald, Phillip F Munoz, Jairo, Manufacturing processes and stress, 1996
